000 00324nam a22001097a 4500
008 160505b xxu||||| |||| 00| 0 eng d
020 _a9781416059400
041 _aeng
080 _a618
245 _aEssentials of obstetrics and gynecology:
_cNeville F.Hacker MD; Joseph C.Gambone DO MPH; Calvin J. Hobel MD;
942 _2udc
_cBK
999 _c1809
_d1809